| 000 | 00847nam a2200253Ia 4500 | ||
|---|---|---|---|
| 003 | OSt | ||
| 005 | 20220925201341.0 | ||
| 006 | a|||||r|||| 00| 0 | ||
| 007 | ta | ||
| 008 | 220923b |||||||| |||| 00| 0 eng d | ||
| 037 | _cGeneral Book | ||
| 040 |
_aRTL _cRTL _beng |
||
| 041 |
_2eng _aeng |
||
| 082 | _aX9(J)-518:51k, K5/GD | ||
| 110 |
_aGovt of India. Marketing and Inspection (Directorate of-) Nagpur _9260465 |
||
| 245 | 0 | _aDirectory of whole sale agricultural produce assembling markets | |
| 260 |
_aDelhi _bManager of Publication India _c1965 |
||
| 300 |
_a312p _ccm. |
||
| 490 | _aIts, marketing series | ||
| 650 | _aLand Reforms Industry | ||
| 700 |
_aGovt of India. Marketing and Inspection (Directorate of-) Nagpur _9260466 |
||
| 942 |
_hX9(J)-518:51k, K5/GD _cGB _2CC |
||
| 999 |
_c539844 _d539844 |
||